[Event "Fagernes op"]
[Site "Fagernes"]
[Date "2024.03.29"]
[Round "7"]
[White "Can, Isik"]
[Black "Ingebretsen, Jens E"]
[Result "1-0"]
[WhiteElo "2493"]
[BlackElo "2402"]
[PlyCount "69"]
[EventDate "2024.03.24"]
[EventType "swiss"]
[EventRounds "9"]
[EventCountry "NOR"]
[SourceTitle "CB14_2024"]
[SourceDate "2024.04.01"]
[SourceVersion "1"]
[SourceVersionDate "2024.04.01"]
[SourceQuality "1"]

1. e4 c5 2. Nf3 Nc6 3. d4 cxd4 4. Nxd4 Nf6 5. Nc3 e5 6. Ndb5 d6 7. Bg5 a6 8. Na3 b5 9. Nd5 Be7 10. Bxf6 Bxf6 11. c3 Rb8 12. Nc2 Bg5 13. h4 Bxh4 14. a4 Bg5 15. axb5 axb5 16. Na3 b4 17. Bb5 Bd7 18. Nc4 0-0 19. Nxd6 bxc3 20. bxc3 Ne7 21. Bxd7 Nxd5 22. Qxd5 Qxd7 23. 0-0 Bf4 24. c4 Rb2 25. Ra8 g6 26. Rxf8+ Kxf8 27. Qa8+ Kg7 28. Ne8+ Kh6 29. Nf6 Qd6 30. Qh8 Rb8 31. Qxh7+ Kg5 32. Ng8 Qf8 33. g3 Kg4 34. f3+ Kxg3 35. Qh2# 1-0

[Event "Cannes op 37th"]
[Site "Cannes"]
[Date "2024.02.22"]
[Round "5"]
[White "Xiang, Zeyu"]
[Black "Can, Isik"]
[Result "1/2-1/2"]
[WhiteElo "2407"]
[BlackElo "2492"]
[PlyCount "71"]
[EventDate "2024.02.19"]
[EventType "swiss"]
[EventRounds "9"]
[EventCountry "FRA"]
[SourceTitle "CB09_2024"]
[SourceDate "2024.02.28"]
[SourceVersion "1"]
[SourceVersionDate "2024.02.28"]
[SourceQuality "1"]

1. d4 Nf6 2. c4 e6 3. Nf3 c5 4. d5 b5 5. dxe6 fxe6 6. cxb5 a6 7. Nc3 axb5 8. Nxb5 Ba6 9. Nc3 d5 10. Bg5 Nc6 11. e4 Bxf1 12. Kxf1 d4 13. Nb5 Qb6 14. a4 Be7 15. Bxf6 gxf6 16. g3 f5 17. exf5 0-0 18. Qe2 Nb4 19. Kg2 Rxf5 20. Nd2 Bg5 21. Nc4 Qc6+ 22. f3 Nd5 23. Rhf1 Ne3+ 24. Nxe3 Bxe3 25. b3 c4 26. Qxc4 Qxc4 27. bxc4 Rc5 28. f4 Rxc4 29. Kf3 Rcxa4 30. Rxa4 Rxa4 31. Ke4 Ra2 32. Nxd4 Bxd4 33. Kxd4 Rxh2 34. Ra1 Kf7 35. g4 h6 36. Ke4 1/2-1/2

[Event "Budapest SixDays 01 GM-A"]
[Site "Budapest"]
[Date "2024.01.29"]
[Round "5"]
[White "Berczes, David"]
[Black "Can, Isik"]
[Result "1/2-1/2"]
[WhiteElo "2439"]
[BlackElo "2500"]
[PlyCount "103"]
[EventDate "2024.01.27"]
[EventType "tourn"]
[EventRounds "9"]
[EventCountry "HUN"]
[EventCategory "7"]
[SourceTitle "CB06_2024"]
[SourceDate "2024.02.07"]
[SourceVersion "1"]
[SourceVersionDate "2024.02.07"]
[SourceQuality "1"]

1. d4 Nf6 2. Nf3 e6 3. e3 b6 4. Bd3 Bb7 5. 0-0 c5 6. Nbd2 d5 7. b3 cxd4 8. exd4 Bd6 9. Bb2 Nc6 10. a3 0-0 11. Ne5 Ne7 12. Qe2 Rc8 13. f4 Ne8 14. Rae1 g6 15. Ndf3 Ng7 16. Ng4 f6 17. Nh6+ Kh8 18. Ne5 Qe8 19. Bb5 Nc6 20. c4 a6 21. cxd5 axb5 22. dxc6 Bxc6 23. Nxc6 Qxc6 24. d5 Qxd5 25. Rd1 Qc6 26. Rc1 Qd7 27. Rcd1 Qe7 28. b4 Nf5 29. Ng4 Kg8 30. Rfe1 Rce8 31. Qxb5 Rd8 32. Qc4 b5 33. Qc3 Qa7+ 34. Kh1 Be7 35. Rxd8 Bxd8 36. Qb3 Kg7 37. Qxe6 Qf7 38. Qxf7+ Kxf7 39. Nf2 Bb6 40. Ne4 Re8 41. g4 Re6 42. gxf5 gxf5 43. Ng5+ fxg5 44. Rxe6 Kxe6 45. fxg5 Kf7 46. Kg2 Kg6 47. Bc1 Bc7 48. h3 Be5 49. Kf3 Kh5 50. Bf4 Bb2 51. Bd2 Be5 52. Bf4 1/2-1/2

[Event "Budapest SixDays 01 GM-A"]
[Site "Budapest"]
[Date "2024.01.28"]
[Round "3"]
[White "Barrish, Daniel"]
[Black "Can, Isik"]
[Result "1/2-1/2"]
[WhiteElo "2347"]
[BlackElo "2500"]
[PlyCount "24"]
[EventDate "2024.01.27"]
[EventType "tourn"]
[EventRounds "9"]
[EventCountry "HUN"]
[EventCategory "7"]
[SourceTitle "CB06_2024"]
[SourceDate "2024.02.07"]
[SourceVersion "1"]
[SourceVersionDate "2024.02.07"]
[SourceQuality "1"]

1. e4 c6 2. d4 d5 3. e5 Bf5 4. h4 h5 5. Bd3 Bxd3 6. Qxd3 e6 7. Bg5 Qb6 8. Nd2 c5 9. c4 Qxb2 10. Rd1 Nc6 11. Ngf3 Nb4 12. Qe2 cxd4 1/2-1/2

[Event "Sitges Sunway op 10th"]
[Site "Sitges"]
[Date "2023.12.13"]
[Round "2"]
[White "Priyanka, Nutakki"]
[Black "Can, Isik"]
[Result "0-1"]
[WhiteElo "2267"]
[BlackElo "2506"]
[PlyCount "58"]
[EventDate "2023.12.12"]
[EventType "swiss"]
[EventRounds "10"]
[EventCountry "ESP"]
[SourceTitle "CB52_2023"]
[SourceDate "2023.12.27"]
[SourceVersion "1"]
[SourceVersionDate "2023.12.27"]
[SourceQuality "1"]

1. d4 Nf6 2. c4 g6 3. Nc3 d5 4. Nf3 Bg7 5. cxd5 Nxd5 6. Qa4+ Nc6 7. e4 Nb6 8. Qc2 0-0 9. d5 Nb4 10. Qb3 a5 11. a3 Na6 12. Be3 e6 13. Rd1 exd5 14. exd5 a4 15. Qa2 Re8 16. Bb5 Bd7 17. Be2 Nc8 18. 0-0 Nd6 19. Nd4 Rxe3 20. fxe3 Nc5 21. e4 Qg5 22. Rf3 Bg4 23. Rg3 Ncxe4 24. h4 Qxh4 25. Rxg4 Bxd4+ 26. Rxd4 Qf2+ 27. Kh1 Qxd4 28. Nxe4 Nxe4 29. Qc4 Qxc4 0-1

[Event "TUR-chT"]
[Site "Ankara"]
[Date "2023.07.15"]
[Round "6.4"]
[White "Akbas, Umut Ata"]
[Black "Can, Isik"]
[Result "0-1"]
[WhiteElo "2401"]
[BlackElo "2512"]
[PlyCount "80"]
[EventDate "2023.07.10"]
[EventType "team-tourn"]
[EventRounds "11"]
[EventCountry "TUR"]
[SourceTitle "EXT 2024"]
[Source "ChessBase"]
[SourceDate "2023.10.10"]
[SourceVersion "1"]
[SourceVersionDate "2023.10.10"]
[SourceQuality "1"]
[WhiteTeam "Apaydin"]
[BlackTeam "Turk Hava Yollari"]
[WhiteTeamCountry "TUR"]
[BlackTeamCountry "TUR"]

1. d4 d5 2. c4 c6 3. Nf3 Nf6 4. Nc3 e6 5. e3 Nbd7 6. Qc2 Bd6 7. b3 0-0 8. Bb2 e5 9. dxe5 Nxe5 10. 0-0-0 Qe7 11. cxd5 Bg4 12. Be2 cxd5 13. Nxe5 Bxe2 14. Qxe2 Bxe5 15. Kb1 a5 16. a4 Bxc3 17. Bxc3 b5 18. Rd4 Ne4 19. Bb2 bxa4 20. Rxa4 Rab8 21. Ka2 Qb7 22. Ra3 a4 23. bxa4 Rfc8 24. Be5 Qb4 25. Rd1 Rb6 26. Bb2 Rcb8 27. Be5 Rc6 28. Bb2 Rc4 29. Rdd3 Nc5 30. Rd2 Nxa4 31. Rad3 Nc3+ 32. Rxc3 Rxc3 33. Kb1 Qe4+ 34. Rc2 Rxc2 35. Qxc2 Qxg2 36. Qc7 Qf1+ 37. Ka2 Qa6+ 38. Kb1 Rc8 39. Qe5 Qd3+ 40. Ka2 Ra8+ 0-1

[Event "Titled Tuesday intern op 20th Jun Late"]
[Site "Chess.com INT"]
[Date "2023.06.20"]
[Round "7"]
[White "Can, Isik"]
[Black "Steinberg, Nitzan"]
[Result "1-0"]
[WhiteElo "2505"]
[BlackElo "2543"]
[PlyCount "103"]
[EventDate "2023.06.20"]
[EventType "swiss (blitz)"]
[EventRounds "11"]
[EventCountry "USA"]
[SourceTitle "EXT 2024"]
[Source "ChessBase"]
[SourceDate "2023.10.10"]
[SourceVersion "1"]
[SourceVersionDate "2023.10.10"]
[SourceQuality "1"]

1. e4 g6 2. d4 Bg7 3. Nf3 d6 4. c3 Nf6 5. Bd3 0-0 6. h3 Nc6 7. 0-0 e5 8. Re1 a5 9. Be3 Re8 10. Nbd2 Nh5 11. Bb5 Bd7 12. Qa4 Nf4 13. Bxf4 exf4 14. Nc4 Nb8 15. Bxd7 Nxd7 16. e5 d5 17. Ncd2 Nb6 18. Qb5 c6 19. Qd3 a4 20. b3 a3 21. Nf1 Re6 22. Re2 h6 23. N1h2 h5 24. Ne1 Nd7 25. Nhf3 Qe7 26. h4 Bh6 27. Qd2 f6 28. Nd3 fxe5 29. Ndxe5 Nxe5 30. Rxe5 Rxe5 31. dxe5 Rf8 32. Re1 Qe6 33. Qc1 Ra8 34. Qc2 c5 35. Qd3 Re8 36. Qb5 Qc6 37. Qa5 Bf8 38. Qxa3 Be7 39. Qc1 Rf8 40. Qc2 Qe6 41. Qd3 Kg7 42. Rd1 Rd8 43. Qb5 Qc6 44. Qe2 Qe6 45. a4 d4 46. cxd4 Qxb3 47. e6 Bf6 48. d5 Be7 49. Qe5+ Bf6 50. Qc7+ Kg8 51. Re1 Qxd5 52. Qf7+ 1-0

[Event "Titled Tuesday intern op 20th Jun Late"]
[Site "Chess.com INT"]
[Date "2023.06.20"]
[Round "6"]
[White "Kovalevsky, Stanislav"]
[Black "Can, Isik"]
[Result "0-1"]
[WhiteElo "2226"]
[BlackElo "2505"]
[PlyCount "66"]
[EventDate "2023.06.20"]
[EventType "swiss (blitz)"]
[EventRounds "11"]
[EventCountry "USA"]
[SourceTitle "EXT 2024"]
[Source "ChessBase"]
[SourceDate "2023.10.10"]
[SourceVersion "1"]
[SourceVersionDate "2023.10.10"]
[SourceQuality "1"]

1. c4 c6 2. e4 d5 3. exd5 cxd5 4. cxd5 Nf6 5. Nc3 Nxd5 6. Bc4 Nb6 7. Bb3 Nc6 8. Nge2 Bf5 9. d4 e6 10. 0-0 Be7 11. Ng3 Bg6 12. d5 exd5 13. Nxd5 0-0 14. Nxe7+ Qxe7 15. Re1 Qf6 16. Ne4 Bxe4 17. Rxe4 Rad8 18. Qe1 Nd4 19. Bd1 Ne6 20. Rb1 Nc5 21. Rg4 Nd3 22. Bg5 Qxg5 23. Rxg5 Nxe1 24. a4 Nd3 25. a5 Nd5 26. Bf3 Nf6 27. Bxb7 Nxb2 28. h3 Nc4 29. Rb3 Nd2 30. Ra3 Nde4 31. Re5 Nd6 32. a6 Nc4 33. Raa5 Nxa5 0-1

[Event "Ayvalik Menekse"]
[Site "Ayvalik"]
[Date "2023.06.16"]
[Round "9.2"]
[White "Can, Isik"]
[Black "Tilicheev, Viacheslav"]
[Result "1-0"]
[WhiteElo "2505"]
[BlackElo "2504"]
[PlyCount "101"]
[EventDate "2023.06.08"]
[EventType "schev"]
[EventRounds "10"]
[EventCountry "TUR"]
[SourceTitle "CBM 214 Extra"]
[Source "ChessBase"]
[SourceDate "2023.07.31"]
[SourceVersion "1"]
[SourceVersionDate "2023.07.31"]
[SourceQuality "1"]
[WhiteTeam "Master"]
[BlackTeam "Grandmaster"]
[WhiteTeamCountry "TUR"]
[BlackTeamCountry "TUR"]

1. e4 c6 2. d4 d5 3. e5 Bf5 4. Nf3 e6 5. Be2 Nd7 6. 0-0 a5 7. a4 f6 8. Be3 fxe5 9. Nxe5 Nxe5 10. dxe5 Ne7 11. Nd2 Bg6 12. f4 Nf5 13. Bf2 h5 14. Nb3 Be7 15. c4 h4 16. Nc5 Bxc5 17. Bxc5 d4 18. Qb3 Rb8 19. Bd3 b6 20. Bd6 Nxd6 21. Bxg6+ Nf7 22. Qh3 Ke7 23. Bxf7 Kxf7 24. f5 Rh6 25. fxe6+ Kg8 26. Qg4 Rb7 27. Rf4 Qe8 28. Rxd4 Qxe6 29. Qe4 Rd7 30. Rxd7 Qxd7 31. Re1 Qd2 32. h3 Rg6 33. Re2 Qd1+ 34. Re1 Qd2 35. Re2 Qd1+ 36. Kh2 Re6 37. Qg4 Rg6 38. Qe4 Re6 39. Re1 Qd2 40. Qxh4 Qxb2 41. Qd8+ Kh7 42. Qd3+ Kg8 43. Qf5 Re7 44. Re4 Re8 45. Qd7 Rxe5 46. Qc8+ Kh7 47. Rh4+ Kg6 48. Qxc6+ Kf7 49. Qd7+ Kg8 50. Qd8+ Kf7 51. Rf4+ 1-0

[Event "Ayvalik Menekse"]
[Site "Ayvalik"]
[Date "2023.06.10"]
[Round "3.2"]
[White "Can, Isik"]
[Black "Rasulov, Vugar Ural Oglu"]
[Result "0-1"]
[WhiteElo "2505"]
[BlackElo "2523"]
[PlyCount "86"]
[EventDate "2023.06.08"]
[EventType "schev"]
[EventRounds "10"]
[EventCountry "TUR"]
[SourceTitle "CBM 214 Extra"]
[Source "ChessBase"]
[SourceDate "2023.07.31"]
[SourceVersion "1"]
[SourceVersionDate "2023.07.31"]
[SourceQuality "1"]
[WhiteTeam "Master"]
[BlackTeam "Grandmaster"]
[WhiteTeamCountry "TUR"]
[BlackTeamCountry "TUR"]

1. e4 e6 2. d4 d5 3. Nd2 c5 4. Ngf3 cxd4 5. Nxd4 Nf6 6. e5 Nfd7 7. N2f3 Nc6 8. Bf4 Qb6 9. Rb1 h6 10. h4 Be7 11. c3 Nc5 12. h5 Ne4 13. Bd3 Bd7 14. 0-0 0-0 15. Qe2 f5 16. exf6 Rxf6 17. Be5 Rf7 18. Bxe4 dxe4 19. Qxe4 Raf8 20. b4 Nxd4 21. Nxd4 Qa6 22. f4 Rc8 23. Rf3 Qxa2 24. Re1 Qd5 25. Qg6 Bh4 26. Ra1 Bf6 27. Re1 Qa2 28. Qe4 Bh4 29. Re2 Qd5 30. Qg6 b6 31. Qg4 Be7 32. Rg3 Bf8 33. b5 Bxb5 34. Nxb5 Qxb5 35. Bd4 Re8 36. Rxe6 Rxe6 37. Qxe6 Qxh5 38. Qb3 Kh7 39. Rf3 Bc5 40. Qe6 Re7 41. Qc8 Re1+ 42. Kf2 Re8 43. Qc7 Re7 0-1

[Event "Budapest SixDays 05 GM-A"]
[Site "Budapest"]
[Date "2023.06.01"]
[Round "9"]
[White "Manish, Anto Cristiano F"]
[Black "Can, Isik"]
[Result "1/2-1/2"]
[WhiteElo "2485"]
[BlackElo "2505"]
[PlyCount "22"]
[EventDate "2023.05.27"]
[EventType "tourn"]
[EventRounds "9"]
[EventCountry "HUN"]
[EventCategory "9"]
[SourceTitle "CBM 214 Extra"]
[Source "ChessBase"]
[SourceDate "2023.07.31"]
[SourceVersion "1"]
[SourceVersionDate "2023.07.31"]
[SourceQuality "1"]

1. e4 c6 2. d4 d5 3. e5 Bf5 4. Nd2 e6 5. Nb3 a6 6. Nf3 Nd7 7. Be2 c5 8. dxc5 Bxc5 9. Nxc5 Nxc5 10. Nd4 Ne7 11. 0-0 Bg6 1/2-1/2